Statistics for 北海道のカントリーサイン①

Click here to take the quiz!

General Stats

  • This quiz has been taken 12 times
  • The average score is 17 of 30

Answer Stats

Answer% Correct
新十津川町
91%
登別市
91%
鶴居村
91%
旭川市
82%
洞爺湖町
82%
名寄市
73%
利尻町
73%
伊達市
73%
滝川市
73%
網走市
64%
幕別町
64%
稚内市
64%
幌加内町
64%
弟子屈町
55%
初山別村
55%
江差町
55%
富良野市
55%
当別町
45%
音威子府村
45%
下川町
45%
七飯町
45%
秩父別町
45%
幌延町
45%
興部町
45%
士幌町
36%
雨竜町
36%
乙部町
27%
訓子府町
18%
遠別町
18%
東川町
18%

Score Distribution

Percentile by Number Answered

Percent of People with Each Score

Your Score History

You have not taken this quiz